Przyjdź i mnie zabij /
Guardado en:
| Autor principal: | |
|---|---|
| Otros Autores: | , , , , , , |
| Formato: | Libro |
| Lenguaje: | polaco inglés |
| Publicado: |
Warszawa :
Reader's Digest Przegląd,
cop. 2001.
|
| Colección: | Książki Wybrane Reader's Digest
|
| Etiquetas: |
Sin Etiquetas, Sea el primero en etiquetar este registro!
|
MARC
| LEADER | 00000nam a2200000 i 4500 | ||
|---|---|---|---|
| 001 | 991019524399705066 | ||
| 005 | 20260515140225.0 | ||
| 008 | 011026s2001 pl a |000 f pol | ||
| 020 | |a 8388243241 | ||
| 035 | |a 991019524399705066 | ||
| 035 | |a (PL-WaBN)b15290906-48omnis_nlop | ||
| 035 | |a b15290906 | ||
| 035 | |a (OCoLC)316435154 | ||
| 035 | |a xx001215659 | ||
| 035 | |a (PL)b0000001529090 | ||
| 035 | |a (EXLNZ-48OMNIS_NETWORK)9910153392305606 | ||
| 040 | |a WA N |c WA N | ||
| 041 | 1 | |a pol |h eng | |
| 080 | |a 821.111(73)-3+821.111-3 | ||
| 090 | |c 44 |d 43 | ||
| 100 | 1 | |a Clark, Mary Higgins |d (1927-2020) | |
| 245 | 1 | 0 | |a Przyjdź i mnie zabij / |c Mary Higgins Clark ; [tł. Elżbieta Zychowicz]. Strefa wyłączona / John Nichol ; [tł. Zygmunt Halka]. Skandal / Barbara Delinsky ; [tł. Anna Kołyszko]. Polowanie na borsuka / Tony Hillerman ; [tł. Piotr Art]. |
| 246 | 1 | |i Tyt. oryg.: |a Exclusion zone | |
| 246 | 1 | |i Tyt. oryg.: |a Hunting badger | |
| 246 | 1 | |i Tyt. oryg.: |a Lake news | |
| 246 | 1 | |i Tyt. oryg.: |a We'll meet again | |
| 260 | |a Warszawa : |b Reader's Digest Przegląd, |c cop. 2001. | ||
| 300 | |a 574, [2] s. : |b il. ; |c 19 cm. | ||
| 490 | 1 | |a Książki Wybrane Reader's Digest | |
| 500 | |a Opis wg grzbietu. | ||
| 700 | 1 | |a Art, Piotr |e Tłumaczenie | |
| 700 | 1 | |a Halka, Zygmunt |d (1933-2008) |e Tłumaczenie | |
| 700 | 1 | |a Kołyszko, Anna |d (1953-2009) |e Tłumaczenie | |
| 700 | 1 | |a Zychowicz, Elżbieta |e Tłumaczenie | |
| 700 | 1 | 2 | |a Delinsky, Barbara |d (1945- ). |t Skandal |
| 700 | 1 | 2 | |a Hillerman, Tony |d (1925-2008). |t Polowanie na borsuka |
| 700 | 1 | 2 | |a Nichol, John |d (1963- ). |t Strefa wyłączona |
| 830 | 0 | |a Książki Wybrane Reader's Digest | |
| 920 | |a 83-88243-24-1 | ||
| 942 | |c K | ||
| 952 | |0 0 |1 0 |4 0 |6 R__52_000000000000000 |7 0 |9 42 |a RYT |b RYT |d 2026-04-26 |e 1/2026 |g 10.00 |l 0 |o R.52 |p 2000000000527 |r 2026-05-15 14:02:25 |w 2026-05-15 |y BK |z da | ||
| 999 | |c 42 |d 42 | ||